DW 2.0 : (Record no. 20504)
[ view plain ]
| 000 -LEADER | |
|---|---|
| fixed length control field | 00934cam a22002655a 4500 |
| 001 - CONTROL NUMBER | |
| control field | 7475548 |
| 005 - DATE AND TIME OF LATEST TRANSACTION | |
| control field | 20160110145116.0 |
| 008 - FIXED-LENGTH DATA ELEMENTS--GENERAL INFORMATION | |
| fixed length control field | 091019r20142009ii a fr 001 0 eng d |
| 020 ## - INTERNATIONAL STANDARD BOOK NUMBER | |
| Cancelled/invalid ISBN | 9788131220443 |
| 020 ## - INTERNATIONAL STANDARD BOOK NUMBER | |
| Cancelled/invalid ISBN | 9788131220443 (Indian reprint) |
| 040 ## - CATALOGING SOURCE | |
| Original cataloging agency | CtWfDGI |
| Language of cataloging | eng |
| Transcribing agency | CtWfDGI |
| Modifying agency | EG-ScBUE |
| -- | EG-ScBUE |
| 082 04 - DEWEY DECIMAL CLASSIFICATION NUMBER | |
| Classification number | 005.74 |
| Item number | INM |
| Edition number | 22 |
| 100 1# - MAIN ENTRY--PERSONAL NAME | |
| Personal name | Inmon, William H. |
| 9 (RLIN) | 18339 |
| 245 10 - TITLE STATEMENT | |
| Title | DW 2.0 : |
| Remainder of title | the architecture for the next generation of data warehousing / |
| Statement of responsibility, etc | W. H. Inmon, Derek Strauss, Genia Neushloss. |
| 246 33 - VARYING FORM OF TITLE | |
| Title proper/short title | Data warehousing 2.0 |
| 260 ## - PUBLICATION, DISTRIBUTION, ETC. (IMPRINT) | |
| Place of publication, distribution, etc | New Delhi : |
| Name of publisher, distributor, etc | Reed Elsevier India Private Limited / Elsevier, |
| Date of publication, distribution, etc | 2014. |
| 300 ## - PHYSICAL DESCRIPTION | |
| Extent | xxi, 371 p. : |
| Other physical details | ill. ; |
| Dimensions | 24 cm. |
| 500 ## - GENERAL NOTE | |
| General note | Index : p. 363-371. |
| 650 #7 - SUBJECT ADDED ENTRY--TOPICAL TERM | |
| Topical term or geographic name as entry element | Data warehousing. |
| Source of heading or term | BUEsh |
| 9 (RLIN) | 11335 |
| 651 ## - SUBJECT ADDED ENTRY--GEOGRAPHIC NAME | |
| Source of heading or term | BUEsh |
| 653 ## - INDEX TERM--UNCONTROLLED | |
| Resource For college | Informatics and Computer Science |
| Arrived date list | August2015 |
| -- | December2015 |
| -- | January2016 |
| 700 1# - ADDED ENTRY--PERSONAL NAME | |
| Personal name | Strauss, Derek. |
| 700 1# - ADDED ENTRY--PERSONAL NAME | |
| Personal name | Neushloss, Genia. |
| 942 ## - ADDED ENTRY ELEMENTS (KOHA) | |
| Source of classification or shelving scheme | Dewey Decimal Classification |
| Call number prefix | 005.74 INM |
| Withdrawn status | Lost status | Source of classification or shelving scheme | Damaged status | Not for loan | Koha collection | Home library | Current library | Shelving location | Date acquired | Source of acquisition | Cost, normal purchase price | Serial Enumeration / chronology | Total Checkouts | Full call number | Barcode | Date last seen | Cost, replacement price | Koha item type |
|---|---|---|---|---|---|---|---|---|---|---|---|---|---|---|---|---|---|---|
| Dewey Decimal Classification | Baccah | Central Library | Central Library | Lower Floor | 12/08/2015 | Purchase | 210.00 | 21759 | 005.74 INM | 000030791 | 15/07/2025 | 263.00 | Book - Borrowing |